<?xml version="1.0" encoding="UTF-8"?><?xml-stylesheet type="text/xsl" href="static/style.xsl"?><OAI-PMH xmlns="http://www.openarchives.org/OAI/2.0/" xmlns:xsi="http://www.w3.org/2001/XMLSchema-instance" xsi:schemaLocation="http://www.openarchives.org/OAI/2.0/ http://www.openarchives.org/OAI/2.0/OAI-PMH.xsd"><responseDate>2026-04-19T06:34:01Z</responseDate><request verb="GetRecord" identifier="oai:riubu.ubu.es:10259/4295" metadataPrefix="marc">https://riubu.ubu.es/oai/request</request><GetRecord><record><header><identifier>oai:riubu.ubu.es:10259/4295</identifier><datestamp>2022-04-26T11:42:12Z</datestamp><setSpec>com_10259_2699</setSpec><setSpec>col_10259_2705</setSpec></header><metadata><record xmlns="http://www.loc.gov/MARC21/slim" xmlns:doc="http://www.lyncode.com/xoai" xmlns:xsi="http://www.w3.org/2001/XMLSchema-instance" xmlns:dcterms="http://purl.org/dc/terms/" xsi:schemaLocation="http://www.loc.gov/MARC21/slim http://www.loc.gov/standards/marcxml/schema/MARC21slim.xsd">
<leader>00925njm 22002777a 4500</leader>
<datafield tag="042" ind1=" " ind2=" ">
<subfield code="a">dc</subfield>
</datafield>
<datafield tag="720" ind1=" " ind2=" ">
<subfield code="a">Sanz Hernando, Clara</subfield>
<subfield code="e">author</subfield>
</datafield>
<datafield tag="260" ind1=" " ind2=" ">
<subfield code="c">2016</subfield>
</datafield>
<datafield tag="520" ind1=" " ind2=" ">
<subfield code="a">La tesis reconstruye la historia del último periódico de la Prensa del Movimiento, La Voz de Castilla (1945-1976), que tuvo su ámbito de actuación en la provincia de Burgos. Combina una parte teórica, con atención a los contextos del franquismo y de la Prensa del Movimiento, con una empírica, donde se realiza un análisis de sus portadas.&#xd;
&#xd;
La investigación demostró que el diario nació de un empeño personal del jefe provincial del Movimiento, Manuel Yllera, que lo creó como una empresa privada, bajo la figura de Sociedad Anónima; sus fines fueron lucrativos y no solo propagandísticos, y que se produjeron graves incidentes entre la Delegación Nacional de Prensa y Propaganda y el propio Yllera por el control ideológico. Además, arrancó con maquinaria incautada y le caracterizó su deficiente gestión y escasa rentabilidad económica. Sus contenidos evolucionaron hacia temas menos ideologizados y más locales, así como a una presentación más visual.</subfield>
</datafield>
<datafield tag="520" ind1=" " ind2=" ">
<subfield code="a">The thesis reconstructs the history of the last newspaper, La Voz de Castilla, belonging to the Press of Movement (1945-1976), which was published in the province of Burgos. It combines a theoretical part, focussing on this Press of Movement under Franco, with an empirical one, where an analysis of its covers is made.&#xd;
 &#xd;
The research has shown how the newspaper was born as a personal commitment of the Provincial Head of The Movement, Manuel Yllera, who created it, as a private limited company. Its aims were not only propagandistic, but also lucrative. The fight for ideological control broke out serious incidents between the National Delegation of Press and Propaganda and Yllera. In addition, the activity in the newspaper started with confiscated machinery and a deficient management which caused a poor economic profitability. Its contents evolved into less ideological and more local issues and a more visual presentation.</subfield>
</datafield>
<datafield tag="024" ind2=" " ind1="8">
<subfield code="a">http://hdl.handle.net/10259/4295</subfield>
</datafield>
<datafield tag="024" ind2=" " ind1="8">
<subfield code="a">10.36443/10259/4295</subfield>
</datafield>
<datafield ind1=" " ind2=" " tag="653">
<subfield code="a">Prensa</subfield>
</datafield>
<datafield ind1=" " ind2=" " tag="653">
<subfield code="a">España</subfield>
</datafield>
<datafield ind1=" " ind2=" " tag="653">
<subfield code="a">Burgos</subfield>
</datafield>
<datafield ind1=" " ind2=" " tag="653">
<subfield code="a">Franquismo</subfield>
</datafield>
<datafield ind1=" " ind2=" " tag="653">
<subfield code="a">La Voz de Castilla</subfield>
</datafield>
<datafield ind1=" " ind2=" " tag="653">
<subfield code="a">Press</subfield>
</datafield>
<datafield ind1=" " ind2=" " tag="653">
<subfield code="a">Spain</subfield>
</datafield>
<datafield ind1=" " ind2=" " tag="653">
<subfield code="a">Franco</subfield>
</datafield>
<datafield tag="245" ind1="0" ind2="0">
<subfield code="a">La Voz de Castilla, el periódico de la prensa del Movimiento en Burgos (1945-1976)</subfield>
</datafield>
</record></metadata></record></GetRecord></OAI-PMH>